| 000 | 01290nam a2200325Ia 4500 | ||
|---|---|---|---|
| 001 | ebr10171756 | ||
| 003 | CaPaEBR | ||
| 006 | m u | ||
| 007 | cr cn||||||||| | ||
| 008 | 050316s2005 ne sb 001 0 eng d | ||
| 020 | _z9004144234 | ||
| 040 |
_aCaPaEBR _cCaPaEBR |
||
| 035 | _a(OCoLC)234083922 | ||
| 050 | 1 | 4 |
_aKNQ970 _b.Z68 2005eb |
| 082 | 0 | 4 |
_a343.51096 _222 |
| 100 | 1 | _aZou, Keyuan. | |
| 245 | 1 | 0 |
_aChina's marine legal system and the law of the sea _h[electronic resource] / _cZou Keyuan. |
| 260 |
_aLeiden : _bMartinus Nijhoff ; _aBiggleswade : _bExtenza Turpin [distributor], _c2005. |
||
| 300 | _axiv, 377 p. | ||
| 490 | 1 |
_aPublications on ocean development ; _v48 |
|
| 504 | _aIncludes bibliographical references and index. | ||
| 533 |
_aElectronic reproduction. _bPalo Alto, Calif. : _cebrary, _d2009. _nAvailable via World Wide Web. _nAccess may be limited to ebrary affiliated libraries. |
||
| 650 | 0 |
_aMaritime law _zChina. |
|
| 650 | 0 | _aLaw of the sea. | |
| 650 | 0 |
_aLaw of the sea _zChina. |
|
| 655 | 7 |
_aElectronic books. _2local |
|
| 710 | 2 | _aebrary, Inc. | |
| 830 | 0 |
_aPublications on ocean development ; _vv. 48. |
|
| 856 | 4 | 0 |
_uhttp://site.ebrary.com/lib/rucke/Doc?id=10171756 _zAn electronic book accessible through the World Wide Web; click to view |
| 999 |
_c139176 _d139176 |
||